2D PAGE : (Record no. 15768)

000 -LEADER
fixed length control field 01005cam a22002897a 4500
020 ## - INTERNATIONAL STANDARD BOOK NUMBER
ISBN 9781603272094 (v. 2)
020 ## - INTERNATIONAL STANDARD BOOK NUMBER
ISBN 1603272097 (v. 2)
020 ## - INTERNATIONAL STANDARD BOOK NUMBER
ISBN 9781588297228 (v. 1. : alk. paper)
020 ## - INTERNATIONAL STANDARD BOOK NUMBER
ISBN 1588297225 (v. 1. book)
020 ## - INTERNATIONAL STANDARD BOOK NUMBER
ISBN 9781603270649 (v. 1. ebook)
020 ## - INTERNATIONAL STANDARD BOOK NUMBER
ISBN 1603270647 (v. 1. ebook)
040 ## - CATALOGING SOURCE
Transcribing agency UMM
082 00 - DEWEY DECIMAL CLASSIFICATION NUMBER
Classification number 572 HUM 2008 A081 Or.
245 00 - TITLE STATEMENT
Title 2D PAGE :
Remainder of title sample preparation and fractionation /
246 33 - VARYING FORM OF TITLE
Title proper/short title Two-dimensional PAGE sample preparation and fractionation
260 ## - PUBLICATION, DISTRIBUTION, ETC. (IMPRINT)
Place of publication Totowa, NJ :
Name of publisher Humana Press,
Year of publication c2008.
300 ## - PHYSICAL DESCRIPTION
Number of Pages 2 v. :
Other physical details ill. ;
Dimensions 25 cm.
490 1# - SERIES STATEMENT
Series statement Methods in molecular biology,
650 #0 - SUBJECT ADDED ENTRY--TOPICAL TERM
Topical Term Proteomics.
650 #0 - SUBJECT ADDED ENTRY--TOPICAL TERM
Topical Term Two-dimensional electrophoresis.
650 #2 - SUBJECT ADDED ENTRY--TOPICAL TERM
Topical Term Proteomics
650 #2 - SUBJECT ADDED ENTRY--TOPICAL TERM
Topical Term Electrophoresis, Gel, Two-Dimensional
700 1# - ADDED ENTRY--PERSONAL NAME
Personal name Posch, Anton.
856 42 - ELECTRONIC LOCATION AND ACCESS
Uniform Resource Identifier http://www.loc.gov/catdir/enhancements/fy0825/2007942891-d.html
856 41 - ELECTRONIC LOCATION AND ACCESS
Uniform Resource Identifier http://www.loc.gov/catdir/enhancements/fy0825/2007942891-t.html
942 ## - ADDED ENTRY ELEMENTS (KOHA)
Koha item type សៀវភៅភាសាអង់គ្លេស
952 ## - LOCATION AND ITEM INFORMATION (KOHA)
Withdrawn status [LOCAL, KOHA] 0
Holdings
Permanent Location Date acquired Koha item type Lost status Shelving location Barcode Current Location Full call number
Library Block A2017-12-08សៀវភៅភាសាអង់គ្លេស A080A11822Library Block A572 HUM 2008 A081 Or.
មជ្ឈមណ្ឌលឯការនៃសាកលវិទ្យាល័យភូមិន្ទកសិកម្មចំការដូង

Powered by Koha